Role of Heretical Teachers in making of the Budda and his Teachings: (Record no. 190132)
[ view plain ]
| 000 -LEADER | |
|---|---|
| fixed length control field | 00623nam a22001817a 4500 |
| 005 - DATE AND TIME OF LATEST TRANSACTION | |
| control field | 20220719103321.0 |
| 010 ## - LCCN (DPL NO) | |
| LC control number | ENG-133658 |
| 020 ## - INTERNATIONAL STANDARD BOOK NUMBER | |
| International Standard Book Number | 9788178542300 |
| Terms of availability | 550.00 |
| 035 ## - SYSTEM CONTROL NUMBER | |
| System control number | EN-117190 |
| 037 ## - SOURCE OF ACQUISITION | |
| Source of stock number/acquisition | DBAD/PUB |
| 082 ## - DEWEY DECIMAL CLASSIFICATION NUMBER | |
| Classification number | 294.34209 |
| 100 ## - MAIN ENTRY--PERSONAL NAME | |
| Personal name | Parmita Shekhar |
| 245 ## - TITLE STATEMENT | |
| Title | Role of Heretical Teachers in making of the Budda and his Teachings: |
| Remainder of title | as in pali nikayas and chinese agamas/ |
| Statement of responsibility, etc | by Parmita Shekhar |
| 260 ## - PUBLICATION, DISTRIBUTION, ETC. (IMPRINT) | |
| Place of publication, distribution, etc | Delhi |
| Name of publisher, distributor, etc | Eastern Book Linkers |
| Date of publication, distribution, etc | 2012 |
| 270 ## - ADDRESS | |
| Address | H.O.5825,New Chandrawal,jawahar Nagar, |
| City | Delhi |
| Postal code | 110007 |
| 300 ## - PHYSICAL DESCRIPTION | |
| Extent | xvi;167p. |
| Dimensions | 22cm(Hb) |
| 942 ## - ADDED ENTRY ELEMENTS (KOHA) | |
| Source of classification or shelving scheme | Dewey Decimal Classification |
| Item type | English Books |
| Classification part | 294.34209 |
| Call number suffix | PAR |
| Withdrawn status | Lost status | Not for loan | Collection code | Home library | Current library | Date acquired | Source of acquisition | Cost, normal purchase price | Full call number | Barcode | Copy number | Cost, replacement price | Koha item type |
|---|---|---|---|---|---|---|---|---|---|---|---|---|---|
| Non-fiction | Bawana | Bawana | 19/07/2022 | DBAD/PUB | 550.00 | 294.34209 SHE | EN-117190 | 1 | 550.00 | English Books |
